El Evangelio de San Mateo (Record no. 62626)
[ view plain ]
| 000 -LEADER | |
|---|---|
| campo de control de longitud fija | 00628nam a2200205 i 4500 |
| 001 - NÚMERO DE CONTROL | |
| campo de control | 62626 |
| 003 - IDENTIFICADOR DE NÚMERO DE CONTROL | |
| campo de control | ES-MaACL |
| 005 - FECHA Y HORA DE LA ÚLTIMA TRANSACCIÓN | |
| campo de control | 20230906164713.0 |
| 007 - CAMPO FIJO DE DESCRIPCIÓN FÍSICA--INFORMACIÓN GENERAL | |
| campo de control de longitud fija | t| |
| 008 - DATOS DE LONGITUD FIJA--INFORMACIÓN GENERAL | |
| campo de control de longitud fija | 031124s1977 sp ||||1| spa d |
| 100 1# - ENTRADA PRINCIPAL--NOMBRE DE PERSONA | |
| Nombre de persona | Fernández Carvajal, Francisco. |
| 9 (RLIN) | 49556 |
| 245 13 - MENCIÓN DEL TÍTULO | |
| Título | El Evangelio de San Mateo |
| Resto del título | : comentarios para la meditación y la predicación / |
| Mención de responsabilidad, etc. | Francisco Fernández Carvajal. |
| 250 ## - MENCION DE EDICION | |
| Mención de edición | 3ª ed. |
| 260 ## - PUBLICACIÓN, DISTRIBUCIÓN, ETC. | |
| Lugar de publicación, distribución, etc. | Madrid : |
| Nombre del editor, distribuidor, etc. | Palabra, |
| Fecha de publicación, distribución, etc. | [1977] |
| 300 ## - DESCRIPCIÓN FÍSICA | |
| Extensión | 461 p. ; |
| Dimensiones | 18 cm. |
| 490 1# - MENCIÓN DE SERIE | |
| Mención de serie | Cuadernos Palabra |
| 830 0# - PUNTO DE ACCESO ADICIONAL DE SERIE-TÍTULO UNIFORME | |
| Título uniforme | Cuadernos Palabra |
| 9 (RLIN) | 181500 |
| 852 ## - LOCALIZACIÓN | |
| Ubicación | ES-MaACL |
| Número de control de estantería | A-7279 |
| Sublocalización o colección | R.96213 |
| Estatus retirado | Estado de pérdida | Estado de daño | No para préstamo | Biblioteca de origen | Biblioteca actual | Ubicación en estantería | Fecha de adquisición | Fuente de adquisición | Total de préstamos | Signatura topográfica completa | Código de barras | Visto por última vez | Precio de reemplazo | Tipo de ítem Koha |
|---|---|---|---|---|---|---|---|---|---|---|---|---|---|---|
| Biblioteca del Ateneo de Madrid | Biblioteca del Ateneo de Madrid | Sala Pecera Planta 1 | 17/01/2008 | A-7279 | 1065655 | 23/02/2023 | 23/02/2023 | Libro impreso |
